<?xml version="1.0" encoding="UTF-8"?>
<record
    xmlns:xsi="http://www.w3.org/2001/XMLSchema-instance"
    xsi:schemaLocation="http://www.loc.gov/MARC21/slim http://www.loc.gov/standards/marcxml/schema/MARC21slim.xsd"
    xmlns="http://www.loc.gov/MARC21/slim">

  <leader>01793njm a2200313Ia 4500</leader>
  <controlfield tag="001">G8754</controlfield>
  <controlfield tag="003">IT-RoPAU</controlfield>
  <controlfield tag="005">20220918181205.0</controlfield>
  <controlfield tag="008">131025s9999    xx            000 0 und d</controlfield>
  <datafield tag="040" ind1=" " ind2=" ">
    <subfield code="a">IT-RoPAU</subfield>
  </datafield>
  <datafield tag="040" ind1=" " ind2=" ">
    <subfield code="c">IT-RoPAU</subfield>
  </datafield>
  <datafield tag="041" ind1=" " ind2=" ">
    <subfield code="a">LATINO</subfield>
  </datafield>
  <datafield tag="999" ind1=" " ind2=" ">
    <subfield code="c">103365</subfield>
    <subfield code="d">103365</subfield>
  </datafield>
  <datafield tag="999" ind1=" " ind2=" ">
    <subfield code="b">n.d.</subfield>
  </datafield>
  <datafield tag="100" ind1=" " ind2=" ">
    <subfield code="a">AA.VV.</subfield>
    <subfield code="9">794</subfield>
  </datafield>
  <datafield tag="100" ind1=" " ind2=" ">
    <subfield code="e">Autore musica</subfield>
    <subfield code="9">33210</subfield>
  </datafield>
  <datafield tag="100" ind1=" " ind2=" ">
    <subfield code="g">Codice autore musica SPICS: 12000</subfield>
    <subfield code="9">796</subfield>
  </datafield>
  <datafield tag="245" ind1=" " ind2=" ">
    <subfield code="a">Corpus Domini: canti eucaristici</subfield>
  </datafield>
  <datafield tag="250" ind1=" " ind2=" ">
    <subfield code="a">1a ed.</subfield>
  </datafield>
  <datafield tag="260" ind1=" " ind2=" ">
    <subfield code="a">ROMA</subfield>
  </datafield>
  <datafield tag="260" ind1=" " ind2=" ">
    <subfield code="b">AUDIOVISIVI PAOLINE</subfield>
    <subfield code="c">1996 [1a Ed.:1995 - Ed. Lingua Orig.: 1995]</subfield>
  </datafield>
  <datafield tag="300" ind1=" " ind2=" ">
    <subfield code="a">MUSICASSETTA</subfield>
  </datafield>
  <datafield tag="300" ind1=" " ind2=" ">
    <subfield code="c">48 minuti (Testo: 0 pag.)</subfield>
  </datafield>
  <datafield tag="500" ind1=" " ind2=" ">
    <subfield code="a">Musica religiosa, liturgica. Canto gregoriano. 16 canti eucaristici liturgici della festa del Corpus Domini, con relativo testo in latino. Registrazione effettuata nella chiesa di S. Lorenzo Mondinari (Cr) nel 1995; registrazione ed editing: Roberto Chinellato. Grafica: Elisabetta Franco. Copertina: Cena, capitello dell'eglise d'Issoire.</subfield>
  </datafield>
  <datafield tag="505" ind1=" " ind2=" ">
    <subfield code="a">Te laudamus Domine (hymnus, 1:56) - Cibavit eos (introitus, 3:50) -  Kyrie XII (Pater cuncta, 1:07) - Oculi omnium (graduale, 5:11) - Lauda Sion (sequentia, 6:46) - Caro mea (lectio sancti Evangelii, Io 6,55-58, 1:59) - Portas caeli (offertorium, 3:50) - Sanctus XII (1:19) - De fructu (communio, 4:22) - Angelorum esca (antiphona, 1:51) -  Hoc corpus (communio, 4:54) - Pange lingua (hymnus, 3:38) - Qui manducat (communio, 2:12) - Quam magna (eesponsorium, 2:20) -  Panem de caelo (communio, 3:41) - Verbum supernum (hymnus, 2:38).</subfield>
  </datafield>
  <datafield tag="511" ind1=" " ind2=" ">
    <subfield code="a">Cantori Gregoriani diretti da Fulvio Rampi</subfield>
  </datafield>
  <datafield tag="650" ind1=" " ind2=" ">
    <subfield code="a">GREGORIANO [CASSETTE]</subfield>
    <subfield code="e">Codice MATERIA SPICS: 9951</subfield>
    <subfield code="9">15085</subfield>
  </datafield>
  <datafield tag="700" ind1=" " ind2=" ">
    <subfield code="a">AA.VV.</subfield>
    <subfield code="e">Autore testo e musica</subfield>
    <subfield code="g">Codice autore testo/musica SPICS: 12000</subfield>
    <subfield code="9">33211</subfield>
  </datafield>
  <datafield tag="942" ind1=" " ind2=" ">
    <subfield code="c">MC</subfield>
    <subfield code="2">ddc</subfield>
  </datafield>
  <datafield tag="952" ind1=" " ind2=" ">
    <subfield code="0">0</subfield>
    <subfield code="1">0</subfield>
    <subfield code="4">0</subfield>
    <subfield code="6">G_8754_000000000000000</subfield>
    <subfield code="7">1</subfield>
    <subfield code="a">SPICS</subfield>
    <subfield code="b">SPICS</subfield>
    <subfield code="d">2013-10-25</subfield>
    <subfield code="l">0</subfield>
    <subfield code="o">G8754</subfield>
    <subfield code="r">2013-10-25 00:00:00</subfield>
    <subfield code="w">2013-10-25</subfield>
    <subfield code="y">MC</subfield>
    <subfield code="z">Progr. Ins.: 22942 / N.Vol.: 1 / Copie: 1 - Copia rara: n.d. / date import: 01.01.2014 - By Epidotti, Trombetti, Vaglietti</subfield>
  </datafield>
</record>
